[Event "POL-chT"]
[Site "Wroclaw"]
[Date "2011.10.08"]
[Round "8.1"]
[White "Zhigalko, Sergei"]
[Black "Wojtaszek, Radoslaw"]
[Result "1/2-1/2"]
[WhiteElo "2679"]
[BlackElo "2721"]
[PlyCount "108"]
[EventDate "2011.05.06"]
[EventType "team-tourn"]
[EventRounds "9"]
[EventCountry "POL"]
[SourceTitle "EXT 2012"]
[Source "ChessBase"]
[SourceDate "2011.11.24"]
[SourceVersion "1"]
[SourceVersionDate "2011.11.24"]
[SourceQuality "1"]
[WhiteTeam "Dankowice"]
[BlackTeam "Wroclaw"]
[WhiteTeamCountry "POL"]
[BlackTeamCountry "POL"]

1. d4 Nf6 2. c4 e6 3. Nc3 Bb4 4. Qc2 d5 5. cxd5 Qxd5 6. Nf3 Qf5 7. Qxf5 exf5 8. a3 Be7 9. Bf4 c6 10. e3 Nbd7 11. h3 Nb6 12. Bd3 Be6 13. Rc1 a5 14. Bc7 Nbd5 15. Nxd5 Nxd5 16. Bh2 Nb6 17. Nd2 Kd7 18. Be5 f6 19. Bg3 h5 20. h4 a4 21. f3 Rhe8 22. Kf2 Ra5 23. Rc2 g6 24. Rhc1 Bf8 25. e4 Bh6 26. Rd1 Bxd2 27. Rdxd2 fxe4 28. fxe4 Bb3 29. Rc5 Rea8 30. Ke3 Nc8 31. Rf2 Rxc5 32. dxc5 Ke6 33. Bc7 Ne7 34. g3 f5 35. Kd4 fxe4 36. Bxe4 Nf5+ 37. Bxf5+ gxf5 38. Re2+ Kd7 39. Bd6 Re8 40. Rxe8 Kxe8 41. Ke5 Kd7 42. Bf8 Bd1 43. Kxf5 Ke8 44. Bh6 Kf7 45. Bg5 Be2 46. Ke5 Kg6 47. Kd6 Kf5 48. Kc7 Ba6 49. Kb6 Kg4 50. Bf4 Kf5 51. Ka5 Bb5 52. Kb6 Ba6 53. Ka5 Bb5 54. Kb6 Ba6 1/2-1/2

[Event "TUR-chT2"]
[Site "Konya"]
[Date "2011.07.06"]
[Round "3"]
[White "Melkumyan, Hrant"]
[Black "Zhigalko, Sergei"]
[Result "1/2-1/2"]
[WhiteElo "2600"]
[BlackElo "2689"]
[PlyCount "124"]
[EventDate "2011.07.04"]
[EventType "team-swiss"]
[EventRounds "9"]
[EventCountry "TUR"]
[SourceTitle "CBM 143 Extra"]
[Source "ChessBase"]
[SourceDate "2011.08.29"]
[SourceVersion "1"]
[SourceVersionDate "2011.08.29"]
[SourceQuality "1"]
[WhiteTeam "Istanbul Sisli"]
[BlackTeam "Kahramanmaras Belediye"]
[WhiteTeamCountry "TUR"]
[BlackTeamCountry "TUR"]

1. d4 d5 2. c4 e6 3. Nc3 c6 4. e3 Bd6 5. Bd3 f5 6. Nge2 Nf6 7. f3 O-O 8. Qc2 Kh8 9. Bd2 dxc4 10. Bxc4 Qe7 11. O-O Nbd7 12. Bb3 b5 13. Nf4 Nb6 14. Nce2 c5 15. dxc5 Bxc5 16. Bxe6 Bxe6 17. Nxe6 Bxe3+ 18. Bxe3 Qxe6 19. Bf2 Nfd5 20. Nd4 Qd7 21. Rfe1 f4 22. Rad1 Rfe8 23. Qc6 Rxe1+ 24. Rxe1 b4 25. Qxd7 Nxd7 26. Ne6 N7f6 27. Bd4 Kg8 28. Kf2 Kf7 29. Nc5 a5 30. Nd3 Rc8 31. Rc1 Rxc1 32. Nxc1 Nd7 33. Ke2 g5 34. Kd3 Ke6 35. Kc4 h5 36. Nd3 Kd6 37. Kb5 Ne3 38. Ne1 Kd5 39. Ba7 Ne5 40. b3 Nc6 41. Bb6 Nd1 42. Bxa5 Nc3+ 43. Kb6 Nxa2 44. Nd3 Kd4 45. Kxc6 Kxd3 46. Kd5 Ke2 47. Bd8 g4 48. Ke4 gxf3 49. gxf3 Nc1 50. Be7 Nxb3 51. Bxb4 h4 52. h3 Nd4 53. Kxf4 Nxf3 54. Bc5 Ne5 55. Bd6 Nc4 56. Bc5 Ne5 57. Bd4 Nf3 58. Bb6 Ne5 59. Ke4 Nd3 60. Be3 Nf2+ 61. Bxf2 Kxf2 62. Kf4 Ke2 1/2-1/2

[Event "Lake Sevan"]
[Site "Martuni"]
[Date "2011.07.23"]
[Round "2"]
[White "Grigoryan, Avetik"]
[Black "Zhigalko, Sergei"]
[Result "1/2-1/2"]
[WhiteElo "2608"]
[BlackElo "2689"]
[PlyCount "146"]
[EventDate "2011.07.22"]
[EventType "tourn"]
[EventRounds "9"]
[EventCountry "ARM"]
[EventCategory "16"]
[SourceTitle "CBM 144"]
[Source "ChessBase"]
[SourceDate "2011.09.16"]
[SourceVersion "1"]
[SourceVersionDate "2011.09.16"]
[SourceQuality "1"]

1. d4 Nf6 2. c4 e6 3. Nf3 b6 4. g3 Ba6 5. Qc2 Bb7 6. Bg2 c5 7. d5 exd5 8. cxd5 Nxd5 9. O-O Nc6 10. Rd1 Be7 11. Qa4 Nf6 12. Nh4 Qc8 13. Nf5 Nd4 14. Bxb7 Qxb7 15. Nxd4 cxd4 16. Rxd4 Bc5 17. Rd3 O-O 18. Nc3 Rfe8 19. Bg5 b5 20. Qf4 Ne4 21. Nxe4 Rxe4 22. Qf3 d5 23. Rad1 d4 24. Be3 Rae8 25. Bxd4 Bxd4 26. Rxd4 Rxd4 27. Rxd4 Qxf3 28. exf3 Re1+ 29. Kg2 g6 30. Re4 Rd1 31. Re2 Rd3 32. b3 a5 33. Re5 Rd2 34. a4 b4 35. g4 Rb2 36. Re3 g5 37. f4 gxf4 38. Rf3 Kg7 39. Rxf4 Rxb3 40. Rf5 Ra3 41. Rxa5 b3 42. h3 b2 43. Rb5 Rxa4 44. Rxb2 h5 45. f3 hxg4 46. hxg4 Rc4 47. Kg3 Rc3 48. Rb6 f6 49. Rb7+ Kg6 50. Rd7 Ra3 51. Re7 Rb3 52. Re4 Kg5 53. Re8 Kg6 54. Re7 Ra3 55. Kf4 Ra4+ 56. Re4 Ra1 57. Rd4 Re1 58. Rd6 Re5 59. Kg3 Re3 60. Kf2 Ra3 61. f4 Kf7 62. Rb6 Rc3 63. Rb7+ Kg6 64. Rb6 Kf7 65. f5 Ra3 66. Re6 Rb3 67. Re3 Rb1 68. Kf3 Rf1+ 69. Ke4 Rg1 70. Rc3 Re1+ 71. Re3 Rg1 72. Kf4 Rf1+ 73. Rf3 Ra1 1/2-1/2

[Event "Lake Sevan"]
[Site "Martuni"]
[Date "2011.07.24"]
[Round "3"]
[White "Zhigalko, Sergei"]
[Black "Andriasian, Zaven"]
[Result "1/2-1/2"]
[WhiteElo "2689"]
[BlackElo "2616"]
[PlyCount "122"]
[EventDate "2011.07.22"]
[EventType "tourn"]
[EventRounds "9"]
[EventCountry "ARM"]
[EventCategory "16"]
[SourceTitle "CBM 144"]
[Source "ChessBase"]
[SourceDate "2011.09.16"]
[SourceVersion "1"]
[SourceVersionDate "2011.09.16"]
[SourceQuality "1"]

1. e4 c5 2. Nf3 d6 3. d4 cxd4 4. Nxd4 Nf6 5. Nc3 a6 6. Be3 e5 7. Nb3 Be6 8. Qd2 Nbd7 9. O-O-O Be7 10. f3 O-O 11. g4 b5 12. g5 b4 13. Ne2 Ne8 14. f4 a5 15. Kb1 a4 16. Nbc1 exf4 17. Bxf4 Nc5 18. Qe3 b3 19. cxb3 axb3 20. a3 Nc7 21. Nd4 Qd7 22. h4 Ra4 23. Nd3 Bg4 24. Bh3 Bxh3 25. Nxc5 dxc5 26. Qxh3 Qxh3 27. Rxh3 Ne6 28. Nc6 Nxf4 29. Nxe7+ Kh8 30. Rxb3 Rxe4 31. Nf5 Ne6 32. Re3 Rf4 33. Rd5 Rb8 34. Nd6 Kg8 35. Ne4 c4 36. h5 Rh4 37. g6 hxg6 38. hxg6 fxg6 39. Nd2 Nf4 40. Rd7 Nd3 41. Nxc4 Nxb2 42. Nxb2 Rh2 43. Kc1 Rbxb2 44. Rd8+ Kh7 45. Rh3+ Rxh3 46. Kxb2 g5 47. a4 Re3 48. Kc2 g4 49. Rd3 Re2+ 50. Kd1 Ra2 51. Ke1 Kh6 52. Rd5 g5 53. Rd2 Rxa4 54. Kf2 Kh5 55. Rd8 Ra2+ 56. Kg3 Ra3+ 57. Kg2 g3 58. Rd4 Rb3 59. Rc4 Ra3 60. Rb4 g4 61. Rb8 Kg5 1/2-1/2

[Event "Lake Sevan"]
[Site "Martuni"]
[Date "2011.07.26"]
[Round "5"]
[White "Pashikian, Arman"]
[Black "Zhigalko, Sergei"]
[Result "1/2-1/2"]
[WhiteElo "2616"]
[BlackElo "2689"]
[PlyCount "142"]
[EventDate "2011.07.22"]
[EventType "tourn"]
[EventRounds "9"]
[EventCountry "ARM"]
[EventCategory "16"]
[SourceTitle "CBM 144"]
[Source "ChessBase"]
[SourceDate "2011.09.16"]
[SourceVersion "1"]
[SourceVersionDate "2011.09.16"]
[SourceQuality "1"]

1. d4 d5 2. c4 e6 3. Nf3 c6 4. e3 Bd6 5. Bd3 f5 6. b3 Nf6 7. O-O Qe7 8. Bb2 O-O 9. Nc3 Ne4 10. Ne2 Nd7 11. Rc1 a5 12. Bb1 b6 13. cxd5 cxd5 14. Ne5 Nxe5 15. dxe5 Bc5 16. Bd4 Ba3 17. Rc6 Nc5 18. Nf4 Rb8 19. g4 Qg5 20. h3 fxg4 21. Qxg4 Qxg4+ 22. hxg4 Bd7 23. Rc7 Rf7 24. Kg2 g6 25. Rh1 Rc8 26. Rxc8+ Bxc8 27. Nh3 Rc7 28. Ng5 b5 29. f4 a4 30. bxa4 Nxa4 31. Bd3 b4 32. Kf3 Bb2 33. Rb1 Bc3 34. Kf2 Kg7 35. Ba6 h6 36. Bxc8 hxg5 37. Bxe6 gxf4 38. Bxc3 bxc3 39. Bxd5 Nc5 40. Ke2 Rd7 41. e4 f3+ 42. Ke3 f2 43. Rc1 Rc7 44. Ke2 Nd7 45. Kxf2 Nxe5 46. Ke2 Nxg4 47. Kd3 Ne5+ 48. Kd4 Nf3+ 49. Ke3 Ne5 50. Kd4 Nf3+ 51. Kd3 Ne5+ 52. Kc2 g5 53. a4 g4 54. Ra1 Kf6 55. a5 Nf3 56. a6 Nd4+ 57. Kd3 Nb5 58. Rf1+ Kg5 59. e5 c2 60. Rc1 g3 61. Rxc2 Rxc2 62. Kxc2 Kf5 63. e6 g2 64. Bxg2 Kxe6 65. Kb3 Kd6 66. Kc4 Na7 67. Bb7 Kc7 68. Kc5 Nc8 69. Bf3 Na7 70. Bg2 Nc8 71. Bd5 Na7 1/2-1/2

[Event "Lake Sevan"]
[Site "Martuni"]
[Date "2011.07.27"]
[Round "6"]
[White "Zhigalko, Sergei"]
[Black "Zhou, Jianchao"]
[Result "1/2-1/2"]
[WhiteElo "2689"]
[BlackElo "2636"]
[PlyCount "109"]
[EventDate "2011.07.22"]
[EventType "tourn"]
[EventRounds "9"]
[EventCountry "ARM"]
[EventCategory "16"]
[SourceTitle "CBM 144"]
[Source "ChessBase"]
[SourceDate "2011.09.16"]
[SourceVersion "1"]
[SourceVersionDate "2011.09.16"]
[SourceQuality "1"]

1. e4 e5 2. Nf3 Nc6 3. Bb5 Nf6 4. O-O Nxe4 5. d4 Nd6 6. Bxc6 dxc6 7. dxe5 Nf5 8. Qxd8+ Kxd8 9. Nc3 Ne7 10. h3 Ng6 11. b3 Ke8 12. Ne2 Bd7 13. Bb2 Rd8 14. Rad1 Bc8 15. Rxd8+ Kxd8 16. c4 Ke8 17. Ng5 h5 18. f4 Nh4 19. Bd4 a6 20. Rd1 Be7 21. Ne4 Nf5 22. Bc5 Bd8 23. Bf2 f6 24. Nd4 fxe5 25. Nxf5 Bxf5 26. Re1 Kf7 27. Ng3 Bd3 28. fxe5 Bg5 29. Rd1 Rd8 30. Nxh5 Bc2 31. Rf1 Rd1 32. e6+ Kg8 33. h4 Rxf1+ 34. Kxf1 Be7 35. Ke2 Bf5 36. Nf4 g5 37. hxg5 Bxg5 38. Be3 Bxf4 39. Bxf4 Bxe6 40. Bxc7 Kf7 41. c5 Bf5 42. Kd2 Ke6 43. Kc3 Bg4 44. Kb4 Bf5 45. Ka5 Kd7 46. Kb6 Kc8 47. Bf4 Bb1 48. a3 Bc2 49. b4 Bd1 50. g3 Bf3 51. a4 Bd1 52. a5 Be2 53. Be5 Bf3 54. Bd6 Be2 55. Bf4 1/2-1/2

[Event "Lake Sevan"]
[Site "Martuni"]
[Date "2011.07.28"]
[Round "7"]
[White "Ter Sahakyan, Samvel"]
[Black "Zhigalko, Sergei"]
[Result "1/2-1/2"]
[WhiteElo "2558"]
[BlackElo "2689"]
[PlyCount "106"]
[EventDate "2011.07.22"]
[EventType "tourn"]
[EventRounds "9"]
[EventCountry "ARM"]
[EventCategory "16"]
[SourceTitle "CBM 144"]
[Source "ChessBase"]
[SourceDate "2011.09.16"]
[SourceVersion "1"]
[SourceVersionDate "2011.09.16"]
[SourceQuality "1"]

1. e4 c5 2. Nf3 d6 3. d4 cxd4 4. Nxd4 Nf6 5. Nc3 a6 6. Bg5 Nbd7 7. Bc4 Qb6 8. Bb3 e6 9. O-O Be7 10. Kh1 Nc5 11. Qe2 Nxb3 12. Nxb3 h6 13. Be3 Qc7 14. a4 b6 15. a5 b5 16. Bb6 Qc6 17. f4 b4 18. Nd4 Qb7 19. Na2 Qxe4 20. Qd2 b3 21. cxb3 Qb7 22. Nc3 O-O 23. Rae1 Re8 24. f5 e5 25. Nc2 Bd7 26. Nb4 Bd8 27. Ncd5 Nxd5 28. Nxd5 Bc6 29. Nb4 Bg5 30. Be3 Bxg2+ 31. Qxg2 Qxb4 32. Bxg5 hxg5 33. f6 Qh4 34. fxg7 Ra7 35. Re3 Qh6 36. Rg3 e4 37. Rxg5 e3 38. Re1 e2 39. Qg3 Rc7 40. b4 Rc4 41. b5 axb5 42. a6 Rc7 43. b4 Ra7 44. Rg4 f5 45. Rg6 Qe3 46. Qxe3 Rxe3 47. Rxd6 f4 48. Kg2 Ra3 49. Kf2 f3 50. Rf6 R7xa6 51. Rxa6 Rxa6 52. Kxf3 Ra4 53. Rxe2 Rxb4 1/2-1/2

[Event "Lake Sevan"]
[Site "Martuni"]
[Date "2011.07.29"]
[Round "8"]
[White "Zhigalko, Sergei"]
[Black "Petrosian, Tigran L"]
[Result "1-0"]
[WhiteElo "2689"]
[BlackElo "2636"]
[PlyCount "113"]
[EventDate "2011.07.22"]
[EventType "tourn"]
[EventRounds "9"]
[EventCountry "ARM"]
[EventCategory "16"]
[SourceTitle "CBM 144"]
[Source "ChessBase"]
[SourceDate "2011.09.16"]
[SourceVersion "1"]
[SourceVersionDate "2011.09.16"]
[SourceQuality "1"]

1. d4 d5 2. c4 c6 3. Nf3 Nf6 4. e3 Bf5 5. Nc3 e6 6. Nh4 Bg6 7. Be2 Nbd7 8. O-O dxc4 9. Nxg6 hxg6 10. Bxc4 Bd6 11. h3 Nb6 12. Be2 e5 13. a4 exd4 14. Qxd4 Qe7 15. a5 Be5 16. Qd1 Nbd5 17. Nxd5 Nxd5 18. Qb3 O-O 19. Rd1 Rfd8 20. Bd2 Rab8 21. Be1 a6 22. Rab1 Bc7 23. Bc4 Qe5 24. g3 b5 25. axb6 Bxb6 26. Bf1 Bxe3 27. Rxd5 Qxg3+ 28. Kh1 cxd5 29. Qxe3 Qd6 30. Qd4 Qf6 31. Qxf6 gxf6 32. b4 Rd6 33. Ra1 Rbb6 34. Kg2 d4 35. Bd3 Kg7 36. Bd2 Rdc6 37. Kf3 Re6 38. Ra5 Rec6 39. Ke4 Rc3 40. Bxc3 dxc3 41. Ra4 Rc6 42. Bc2 Rd6 43. Ra3 Rb6 44. Ra4 Rd6 45. Ra3 f5+ 46. Ke5 Rd2 47. Rxc3 Rxf2 48. Kd4 f4 49. Bd3 Ra2 50. Rc7 Ra4 51. Kc5 a5 52. b5 f3 53. b6 f2 54. b7 Rb4 55. Kc6 a4 56. Rc8 Rb3 57. b8=Q 1-0

[Event "Lake Sevan"]
[Site "Martuni"]
[Date "2011.07.30"]
[Round "9"]
[White "Melkumyan, Hrant"]
[Black "Zhigalko, Sergei"]
[Result "1-0"]
[WhiteElo "2600"]
[BlackElo "2689"]
[PlyCount "107"]
[EventDate "2011.07.22"]
[EventType "tourn"]
[EventRounds "9"]
[EventCountry "ARM"]
[EventCategory "16"]
[SourceTitle "CBM 144"]
[Source "ChessBase"]
[SourceDate "2011.09.16"]
[SourceVersion "1"]
[SourceVersionDate "2011.09.16"]
[SourceQuality "1"]

1. d4 d5 2. c4 e6 3. Nc3 c6 4. e4 dxe4 5. Nxe4 Bb4+ 6. Bd2 Qxd4 7. Bxb4 Qxe4+ 8. Be2 Na6 9. Ba5 b6 10. Qd6 Bd7 11. Bc3 f6 12. f3 Qf5 13. O-O-O e5 14. Nh3 Nh6 15. f4 Nc5 16. fxe5 Nf7 17. Qc7 Rc8 18. Qxa7 Nxe5 19. Rhf1 Qe4 20. Bxe5 Qxe5 21. Nf4 Qe3+ 22. Rd2 O-O 23. Rf3 Qe7 24. Qxb6 Bf5 25. Nd3 Bxd3 26. Bxd3 Rfd8 27. Re2 Qd6 28. Bc2 Ra8 29. b4 Nd7 30. Qe3 Ne5 31. c5 Qd4 32. Qxd4 Rxd4 33. Rb3 g6 34. a3 Nc4 35. Re4 Rxe4 36. Bxe4 Ne5 37. Kc2 f5 38. Bf3 Kf7 39. Re3 Nc4 40. Rc3 Ne5 41. Kb3 g5 42. b5 g4 43. Bxc6 Nxc6 44. bxc6 Ke7 45. Rd3 f4 46. Rd4 Rb8+ 47. Kc4 Rf8 48. c7 f3 49. gxf3 gxf3 50. Rd8 Rf4+ 51. Kd5 Rf5+ 52. Ke4 f2 53. c8=Q Rf4+ 54. Ke5 1-0

[Event "Baku op-A"]
[Site "Baku"]
[Date "2011.08.06"]
[Round "1"]
[White "Zhigalko, Sergei"]
[Black "Mammadov, Zaur Fazahir Oglu"]
[Result "1-0"]
[WhiteElo "2689"]
[BlackElo "2325"]
[PlyCount "67"]
[EventDate "2011.08.06"]
[EventType "swiss"]
[EventRounds "9"]
[EventCountry "AZE"]
[SourceTitle "CBM 143 Extra"]
[Source "ChessBase"]
[SourceDate "2011.08.29"]
[SourceVersion "1"]
[SourceVersionDate "2011.08.29"]
[SourceQuality "1"]

1. e4 c6 2. d4 d5 3. e5 Bf5 4. Nf3 e6 5. Be2 Nd7 6. Nbd2 Ne7 7. O-O h6 8. Nb3 Nc8 9. Ne1 Be7 10. Bd3 Bxd3 11. Nxd3 Ncb6 12. a4 Nc4 13. Re1 Qc7 14. Qg4 g6 15. Nbc5 Nf8 16. b3 Nb6 17. a5 Nbd7 18. Ba3 h5 19. Qg3 Nxc5 20. Bxc5 g5 21. Bd6 h4 22. Qxg5 Bxg5 23. Bxc7 Bd2 24. Red1 Bc3 25. Ra4 Ng6 26. Bd6 O-O-O 27. Bc5 Rdg8 28. Kh1 Kb8 29. Ra3 b6 30. axb6 axb6 31. Bd6+ Kb7 32. b4 Bxd4 33. c3 Bxf2 34. Rda1 1-0

[Event "Baku op-A"]
[Site "Baku"]
[Date "2011.08.07"]
[Round "2"]
[White "Guliev, Logman"]
[Black "Zhigalko, Sergei"]
[Result "0-1"]
[WhiteElo "2458"]
[BlackElo "2689"]
[PlyCount "59"]
[EventDate "2011.08.06"]
[EventType "swiss"]
[EventRounds "9"]
[EventCountry "AZE"]
[SourceTitle "CBM 143 Extra"]
[Source "ChessBase"]
[SourceDate "2011.08.29"]
[SourceVersion "1"]
[SourceVersionDate "2011.08.29"]
[SourceQuality "1"]

1. e4 c5 2. Nf3 d6 3. d4 cxd4 4. Nxd4 Nf6 5. Nc3 a6 6. Be2 Nbd7 7. f4 g6 8. g4 h6 9. f5 Ne5 10. Bf4 Bg7 11. h3 b5 12. Bxe5 dxe5 13. Nc6 Qb6 14. Nb4 e6 15. fxg6 O-O 16. Qd2 Qd4 17. gxf7+ Rxf7 18. a3 Bb7 19. Bf3 a5 20. Nba2 b4 21. Qxd4 exd4 22. Nb5 Nxe4 23. Bg2 d3 24. cxd3 Ng3 25. Bxb7 Rxb7 26. Nd6 Rd7 27. Rg1 Rxd6 28. Rxg3 bxa3 29. Kd2 Rb8 30. Rb1 0-1

[Event "Baku op-A"]
[Site "Baku"]
[Date "2011.08.08"]
[Round "3"]
[White "Zhigalko, Sergei"]
[Black "Allahverdiyev, Anar"]
[Result "1-0"]
[WhiteElo "2689"]
[BlackElo "2421"]
[PlyCount "81"]
[EventDate "2011.08.06"]
[EventType "swiss"]
[EventRounds "9"]
[EventCountry "AZE"]
[SourceTitle "CBM 143 Extra"]
[Source "ChessBase"]
[SourceDate "2011.08.29"]
[SourceVersion "1"]
[SourceVersionDate "2011.08.29"]
[SourceQuality "1"]

1. d4 Nf6 2. c4 e6 3. Nf3 b6 4. g3 Bb7 5. Bg2 Be7 6. O-O O-O 7. Re1 c5 8. d5 exd5 9. Nh4 Ne4 10. cxd5 Bxh4 11. Bxe4 Bf6 12. Nc3 d6 13. Qc2 g6 14. Bg2 Re8 15. Ne4 Be7 16. Bf4 Na6 17. Rad1 Nc7 18. h4 f5 19. Nc3 Bf6 20. e4 Bxc3 21. bxc3 fxe4 22. Bxe4 Qd7 23. c4 b5 24. h5 bxc4 25. hxg6 hxg6 26. Qxc4 Qe7 27. a4 Rad8 28. Qc2 Qf6 29. Bc1 Rd7 30. Bb2 Qg5 31. Ba1 Rde7 32. Qb2 Qh5 33. f3 Qh3 34. Qg2 Qh6 35. Kf2 Nxd5 36. Qh1 Qxh1 37. Rxh1 Ne3 38. Rxd6 Ng4+ 39. fxg4 Bxe4 40. Rh8+ Kf7 41. Rf6+ 1-0

[Event "FIDE World Cup"]
[Site "Khanty-Mansiysk"]
[Date "2011.08.29"]
[Round "1.2"]
[White "Zhigalko, Sergei"]
[Black "Filippov, Anton"]
[Result "0-1"]
[WhiteElo "2689"]
[BlackElo "2606"]
[PlyCount "86"]
[EventDate "2011.08.28"]
[EventType "k.o."]
[EventRounds "7"]
[EventCountry "RUS"]
[SourceTitle "CBM 145"]
[Source "ChessBase"]
[SourceDate "2011.11.11"]
[SourceVersion "1"]
[SourceVersionDate "2011.11.11"]
[SourceQuality "1"]

1. d4 Nf6 2. c4 e6 3. Nc3 Bb4 4. Qc2 Nc6 5. Nf3 d6 6. a3 Bxc3+ 7. Qxc3 Qe7 8. b4 a5 9. b5 Nb8 10. b6 cxb6 11. Rb1 Qc7 12. e3 b5 13. Rxb5 b6 14. Bd3 Bb7 15. Rg5 O-O 16. Bb2 Ne4 17. Bxe4 Bxe4 18. d5 f6 19. Rg4 Bxf3 20. gxf3 e5 21. Rhg1 Rf7 22. Qd3 Nd7 23. Qf5 Nf8 24. f4 Re8 25. h4 Qe7 26. h5 h6 27. Kf1 Qc7 28. Qd3 Ree7 29. Kg2 Qc8 30. Kf1 Rc7 31. fxe5 fxe5 32. Ke1 Nh7 33. Rg6 Ng5 34. R1xg5 hxg5 35. Rxd6 Rxc4 36. Rxb6 e4 37. Qd2 Qg4 38. Qe2 Qxe2+ 39. Kxe2 Rc2+ 40. Kd1 Rfxf2 41. Bd4 Rfd2+ 42. Ke1 Rh2 43. Kd1 Ra2 0-1

[Event "Khanty-Mansiysk Governor Cup 7th"]
[Site "Khanty-Mansiysk"]
[Date "2011.08.31"]
[Round "1"]
[White "Zhigalko, Sergei"]
[Black "Chigaeva, Anastasia"]
[Result "1-0"]
[WhiteElo "2689"]
[BlackElo "2010"]
[PlyCount "63"]
[EventDate "2011.08.31"]
[EventType "swiss"]
[EventRounds "9"]
[EventCountry "RUS"]
[SourceTitle "CBM 144 Extra"]
[Source "ChessBase"]
[SourceDate "2011.10.28"]
[SourceVersion "1"]
[SourceVersionDate "2011.10.28"]
[SourceQuality "1"]

1. c4 e5 2. Nc3 Nf6 3. g3 d5 4. cxd5 Nxd5 5. Bg2 Nb6 6. Nf3 Nc6 7. d3 Be7 8. a3 O-O 9. b4 a6 10. O-O Be6 11. Ne4 Qc8 12. Bb2 f6 13. Rc1 Bh3 14. Bxh3 Qxh3 15. Qb3+ Kh8 16. Nc5 Qc8 17. d4 Bxc5 18. bxc5 Nd7 19. d5 Ne7 20. e4 Rb8 21. Nh4 b6 22. c6 Nc5 23. Qc2 Qg4 24. f3 Qg5 25. Rce1 Nc8 26. a4 a5 27. Nf5 Rd8 28. f4 exf4 29. Rxf4 Nd6 30. Nxg7 Rf8 31. Nf5 Nf7 32. Rg4 1-0

[Event "Khanty-Mansiysk Governor Cup 7th"]
[Site "Khanty-Mansiysk"]
[Date "2011.09.01"]
[Round "2"]
[White "Papayan, Oleg"]
[Black "Zhigalko, Sergei"]
[Result "0-1"]
[WhiteElo "2285"]
[BlackElo "2689"]
[PlyCount "106"]
[EventDate "2011.08.31"]
[EventType "swiss"]
[EventRounds "9"]
[EventCountry "RUS"]
[SourceTitle "CBM 144 Extra"]
[Source "ChessBase"]
[SourceDate "2011.10.28"]
[SourceVersion "1"]
[SourceVersionDate "2011.10.28"]
[SourceQuality "1"]

1. d4 Nf6 2. c4 e6 3. Nf3 b6 4. g3 Ba6 5. Qc2 Bb4+ 6. Bd2 Be7 7. Bg2 O-O 8. O-O c6 9. Ne5 d5 10. Bf4 Nfd7 11. Nd2 Nxe5 12. Bxe5 Nd7 13. Bf4 Rc8 14. Qa4 Bxc4 15. Nxc4 b5 16. Qxa7 bxc4 17. b3 c3 18. Rac1 c5 19. Rxc3 Bf6 20. Bd6 Bxd4 21. Rc2 Re8 22. e3 Be5 23. Bxe5 Nxe5 24. Rxc5 Ra8 25. Qb7 g6 26. e4 Qd6 27. Qc7 Qxc7 28. Rxc7 dxe4 29. Bxe4 Rxa2 30. Rb1 Re2 31. Bb7 Rd8 32. Rc8 Rxc8 33. Bxc8 Rc2 34. Ba6 Rc6 35. Be2 Rb6 36. b4 Kf8 37. b5 Ke7 38. Rd1 Rd6 39. Rxd6 Kxd6 40. f4 Nd7 41. Kf2 Kc5 42. Ke3 f5 43. g4 Nb6 44. Kf3 Nd5 45. Kg3 Nc3 46. Bd3 Nxb5 47. gxf5 exf5 48. h4 Nd6 49. h5 Kd4 50. hxg6 hxg6 51. Bb1 Ke3 52. Ba2 Ne4+ 53. Kg2 Kxf4 0-1

[Event "Khanty-Mansiysk Governor Cup 7th"]
[Site "Khanty-Mansiysk"]
[Date "2011.09.02"]
[Round "3"]
[White "Zhigalko, Sergei"]
[Black "Maletin, Pavel"]
[Result "1-0"]
[WhiteElo "2689"]
[BlackElo "2575"]
[PlyCount "39"]
[EventDate "2011.08.31"]
[EventType "swiss"]
[EventRounds "9"]
[EventCountry "RUS"]
[SourceTitle "CBM 144 Extra"]
[Source "ChessBase"]
[SourceDate "2011.10.28"]
[SourceVersion "1"]
[SourceVersionDate "2011.10.28"]
[SourceQuality "1"]

1. e4 c5 2. Nf3 e6 3. c3 Nf6 4. e5 Nd5 5. Bc4 d6 6. d4 cxd4 7. cxd4 Nc6 8. O-O Be7 9. Bd2 O-O 10. Nc3 Nb6 11. Bb3 dxe5 12. dxe5 Na5 13. Bc2 Nbc4 14. Qe2 Nxd2 15. Nxd2 Bd7 16. Nde4 Qc7 17. Nf6+ gxf6 18. Qg4+ Kh8 19. exf6 Rg8 20. Qh4 1-0

[Event "Khanty-Mansiysk Governor Cup 7th"]
[Site "Khanty-Mansiysk"]
[Date "2011.09.03"]
[Round "4"]
[White "Kokarev, Dmitry"]
[Black "Zhigalko, Sergei"]
[Result "1/2-1/2"]
[WhiteElo "2596"]
[BlackElo "2689"]
[PlyCount "80"]
[EventDate "2011.08.31"]
[EventType "swiss"]
[EventRounds "9"]
[EventCountry "RUS"]
[SourceTitle "CBM 144 Extra"]
[Source "ChessBase"]
[SourceDate "2011.10.28"]
[SourceVersion "1"]
[SourceVersionDate "2011.10.28"]
[SourceQuality "1"]

1. e4 c5 2. Nf3 d6 3. d4 cxd4 4. Nxd4 Nf6 5. Nc3 a6 6. Bg5 e6 7. f4 h6 8. Bh4 Qb6 9. a3 Be7 10. Bf2 Qc7 11. Qe2 e5 12. Nf5 Bxf5 13. exf5 Nc6 14. O-O-O O-O 15. g4 exf4 16. h4 f3 17. Qxf3 Ne5 18. Qf4 Nexg4 19. Bd4 Ne5 20. Rg1 Kh8 21. Bg2 Rac8 22. Kb1 b5 23. Bd5 Rg8 24. Bb3 Bd8 25. Rg2 Qe7 26. Rdg1 Ba5 27. Nd5 Nxd5 28. Bxd5 Qf6 29. Rg5 Kh7 30. Rh5 Rc5 31. Be4 Re8 32. Rhg5 Rg8 33. Rh5 Re8 34. Rhg5 Rg8 35. Rg6 fxg6 36. Rxg6 Bd8 37. Rxf6 Bxf6 38. Bxc5 dxc5 39. Qf2 Rd8 40. Qxc5 Nc4 1/2-1/2

[Event "Khanty-Mansiysk Governor Cup 7th"]
[Site "Khanty-Mansiysk"]
[Date "2011.09.04"]
[Round "5"]
[White "Zhigalko, Sergei"]
[Black "Bocharov, Dmitry"]
[Result "0-1"]
[WhiteElo "2689"]
[BlackElo "2585"]
[PlyCount "84"]
[EventDate "2011.08.31"]
[EventType "swiss"]
[EventRounds "9"]
[EventCountry "RUS"]
[SourceTitle "CBM 144 Extra"]
[Source "ChessBase"]
[SourceDate "2011.10.28"]
[SourceVersion "1"]
[SourceVersionDate "2011.10.28"]
[SourceQuality "1"]

1. e4 c5 2. Nf3 e6 3. d4 cxd4 4. Nxd4 a6 5. Bd3 Nf6 6. O-O e5 7. Bg5 d6 8. Nf5 Be6 9. Nc3 Nbd7 10. Qf3 h6 11. Bh4 Rc8 12. h3 g6 13. Ne3 Be7 14. a4 O-O 15. Rfd1 Qb6 16. Rab1 Kg7 17. g4 Rfe8 18. Bg3 Bd8 19. Bf1 Rxc3 20. bxc3 Qc6 21. Nd5 Nc5 22. c4 Nfxe4 23. Nc3 f5 24. gxf5 Bxf5 25. Bg2 Ba5 26. Nd5 Rf8 27. Ne7 Qc7 28. Nd5 Qd7 29. Ne3 Qe7 30. Nxf5+ gxf5 31. Rd5 Nd2 32. Rxd2 Bxd2 33. Qd5 Bg5 34. Bf3 f4 35. Bh2 Bh4 36. a5 Kh8 37. Kf1 e4 38. Qd1 e3 39. Qd4+ Bf6 40. Qxf4 Bg7 41. Qxd6 e2+ 42. Bxe2 Rxf2+ 0-1

[Event "Khanty-Mansiysk Governor Cup 7th"]
[Site "Khanty-Mansiysk"]
[Date "2011.09.05"]
[Round "6"]
[White "Zhigalko, Sergei"]
[Black "Musakaev, Emil"]
[Result "1-0"]
[WhiteElo "2689"]
[BlackElo "2325"]
[PlyCount "87"]
[EventDate "2011.08.31"]
[EventType "swiss"]
[EventRounds "9"]
[EventCountry "RUS"]
[SourceTitle "CBM 144 Extra"]
[Source "ChessBase"]
[SourceDate "2011.10.28"]
[SourceVersion "1"]
[SourceVersionDate "2011.10.28"]
[SourceQuality "1"]

1. e4 e5 2. Nf3 Nc6 3. Bb5 Nge7 4. c3 d5 5. Nxe5 dxe4 6. Qe2 Qd5 7. Nxc6 Nxc6 8. d4 Bd7 9. Bc4 Qf5 10. Bd3 O-O-O 11. Bxe4 Qf6 12. O-O Bd6 13. Nd2 Rde8 14. Qf3 Qh4 15. h3 g6 16. Bd5 f5 17. Nc4 g5 18. Nxd6+ cxd6 19. Bd2 f4 20. Rfe1 Kc7 21. Rxe8 Rxe8 22. Re1 Rf8 23. Be6 Qh6 24. Bxd7 Kxd7 25. c4 Qg6 26. Bc3 Re8 27. Qg4+ Kd8 28. Rxe8+ Kxe8 29. Qc8+ Nd8 30. d5 h5 31. f3 Qf7 32. Kh2 b6 33. Bd4 Qg6 34. Bc3 Qf7 35. a3 Qg6 36. a4 Ke7 37. a5 bxa5 38. Qc7+ Ke8 39. Bxa5 Nf7 40. Qb8+ Ke7 41. Qxa7+ Kf8 42. Qb8+ Kg7 43. Bc3+ Kh7 44. Qc8 1-0